LEADER 01161nam a2200241 u 4500 001 000000001372 003 CaOOAMICUS 005 20070226104315.0 008 940527s1805 it u000 u ita u 035 $a10031349 040 $aPUL(R)$bita 130 0 $aBiblia.$pV.T.$pSamuelis II.$lItaliano.$0(OLS)http://pul/title/158539 245 13$aIl libro di Samuele :$bsecondo noi libro II. de' re /$cesposto in sagre lezioni dal dott. Gioanni Marchetti .. 260 $aRoma :$bV. Poggioli,$c1805. 300 $a2 v. ;$c26 cm 630 04$aBiblia.$pV.T.$pSamuelis II$xParafrasi.$0(OLS)http://pul/subject/37736 700 1 $aMarchetti, Giovanni.$0(OLS)http://pul/name/1525 850 $aPUL 852 $aPUL$W1$xDP1 Antico 800$y27$m531 G 7-8$j1818$n $b $qStampati Antico$B1818$CPULBib$Z2$F1818 $H $81 852 $aPUL$W1$xDP1 Antico 800$y27$m531 G 7-8$j1818$n $b $qStampati Antico$B1819$CPULBib$Z2$F1819 $H $81 941 1 $a15 996 $6245$aIl libro di Samuele :$bsecondo noi libro II. de' re$9(OLS)http://pul/title/2055 996 $6260$aRoma :$bV. Poggioli$9(OLS)http://pul/publisher/48702 LEADER 01121nam a2200289 u 4500 001 000000031740 003 CaOOAMICUS 005 20070226112156.0 008 971007s1987 it u000 u ita u 020 $a8838235554 035 $a10771852 040 $aPUL(R)$bita$dBAV 100 1 $aSestieri, Lea.$0(OLS)http://pul/name/19437 245 13$aLa spiritualitą ebraica. 260 $aRoma :$bEdizioni Studium,$c1987. 300 $a318 p. ;$c18 cm 490 1 $aLa spiritualitą non cristiana : storia e testi ;$v4 504 $aBibliografia: p. [313]-315. 650 4$aGiudaismo.$0(OLS)http://pul/subject/1627 830 3$aLa spiritualitą non cristiana : storia e testi ;$v4.$0(OLS)http://pul/title/248 850 $aPUL 852 $aPUL$W1$xSL Religione 1$y3$m7(1) F 36$j43789$nBK-PRI$b $qStampati$B43789$CPULBib$Z2$F43789 $H $81 941 1 $a8 961 $aINV: 56979 996 $6020$a8838235554$9(OLS)http://pul/number/39847 996 $6245$aLa spiritualitą ebraica$9(OLS)http://pul/title/43675 996 $6260$aRoma :$bEdizioni Studium$9(OLS)http://pul/publisher/49092